UM Logo

Redfox wizpad scribe: (Record no. 4795)

MARC details
000 -LEADER
fixed length control field 00512nam a2200157 4500
008 - FIXED-LENGTH DATA ELEMENTS--GENERAL INFORMATION
fixed length control field 160923b xxu||||| |||| 00| 0 eng d
022 ## - INTERNATIONAL STANDARD SERIAL NUMBER
International Standard Serial Number 16565649
082 ## - DEWEY DECIMAL CLASSIFICATION NUMBER
Classification number DPer 303.405 H22 May-Sept 2015 n. 6-10
100 ## - MAIN ENTRY--PERSONAL NAME
9 (RLIN) 15178
Personal name Lucas, Ashley
245 ## - TITLE STATEMENT
Title Redfox wizpad scribe:
Remainder of title your go-to device/
Statement of responsibility, etc. Ashley Lucas.
260 ## - PUBLICATION, DISTRIBUTION, ETC. (IMPRINT)
Place of publication, distribution, etc. Quezon City:
Name of publisher, distributor, etc. Hardware Zone Phils. Corp.,
Date of publication, distribution, etc. c2015.
300 ## - PHYSICAL DESCRIPTION
Extent v11 i10, page 43;
Dimensions 30 cm.
500 ## - GENERAL NOTE
General note HWM Philippines.
650 #0 - SUBJECT ADDED ENTRY--TOPICAL TERM
9 (RLIN) 19404
Topical term or geographic name as entry element Portable computers
942 ## - ADDED ENTRY ELEMENTS (KOHA)
Source of classification or shelving scheme Dewey Decimal Classification
Koha item type Periodicals
Holdings
Withdrawn status Lost status Source of classification or shelving scheme Damaged status Not for loan Collection code Home library Current library Date acquired Total Checkouts Full call number Date last seen Price effective from Koha item type Public note
    Dewey Decimal Classification     Periodicals UM Digos College - LIC UM Digos College - LIC 09/23/2016   DPer 303.405 H22 May-Sept 2015 n. 6-10 09/23/2016 09/23/2016 Periodicals Periodical article